000 00563nam a22002057a 4500
999 _c6660
_d6660
003 OSt
005 20200224105844.0
008 200224b ||||| |||| 00| 0 eng d
020 _a0582218667
040 _c040a
082 _a546
_bSVE1996
245 _aVogel's qualitative inorganic analysis /
_cG. Svehla
250 _a7th.ed.
260 _aHarlow
_bAddison Wesley
_c1996
300 _axi, 347p;
_bill:
_c22cm.
504 _aIncludes bibliographical references and index
650 _2Inorganic analysis
700 _aSvehla, G.
_98283
942 _2ddc
_cO_SHELF